[Event "VIE-ch"]
[Site "Da Lat"]
[Date "2014.03.26"]
[Round "1"]
[White "Tu, Hoang Thong"]
[Black "Pham, Duc Thang"]
[Result "1-0"]
[WhiteElo "2434"]
[BlackElo "2201"]
[PlyCount "81"]
[EventDate "2014.03.26"]
[EventType "swiss"]
[EventRounds "11"]
[EventCountry "VIE"]
[SourceTitle "CBM 159 Extra"]
[Source "ChessBase"]
[SourceDate "2014.04.24"]
[SourceVersion "1"]
[SourceVersionDate "2014.04.24"]
[SourceQuality "1"]

1. d4 d5 2. Nf3 Nf6 3. Bf4 c5 4. e3 Qb6 5. Nc3 e6 6. Nb5 Na6 7. a4 c4 8. Be2 Bd7 9. 0-0 Bxb5 10. axb5 Nc7 11. b3 cxb3 12. c4 dxc4 13. Bxc4 Bd6 14. Bxd6 Qxd6 15. Qxb3 0-0 16. Qa3 Qb6 17. Rfb1 Rfc8 18. Ne5 Nce8 19. Bf1 Nd6 20. Qa5 Qxa5 21. Rxa5 Nfe4 22. Bd3 f6 23. Nf3 b6 24. Raa1 Rc3 25. Ne1 e5 26. dxe5 fxe5 27. Rd1 Rc7 28. Bc2 Rac8 29. f3 Rxc2 30. Nxc2 Rxc2 31. fxe4 Nxb5 32. Rd5 Rb2 33. Rxe5 a5 34. Re7 Nc3 35. e5 Re2 36. Rf1 h6 37. Rff7 a4 38. Rxg7+ Kh8 39. Rh7+ Kg8 40. Reg7+ Kf8 41. Rc7 1-0

[Event "Ho Chi Minh City HD Bank op 4th"]
[Site "Ho Chi Minh City"]
[Date "2014.03.12"]
[Round "5"]
[White "Nitin, Senthilvel"]
[Black "Pham, Duc Thang"]
[Result "0-1"]
[WhiteElo "2378"]
[BlackElo "2201"]
[PlyCount "118"]
[EventDate "2014.03.10"]
[EventType "swiss"]
[EventRounds "9"]
[EventCountry "VIE"]
[SourceTitle "CBM 159 Extra"]
[Source "ChessBase"]
[SourceDate "2014.04.24"]
[SourceVersion "1"]
[SourceVersionDate "2014.04.24"]
[SourceQuality "1"]

1. e4 c5 2. Nf3 Nf6 3. e5 Nd5 4. d4 cxd4 5. Qxd4 e6 6. g3 Nc6 7. Qe4 Qa5+ 8. c3 Nde7 9. Nbd2 Ng6 10. Nc4 Qc7 11. h4 f6 12. Bf4 Nxf4 13. Qxf4 b5 14. Nd6+ Bxd6 15. exd6 Qb6 16. Bg2 Bb7 17. 0-0 0-0 18. Rad1 Rac8 19. h5 Na5 20. h6 g6 21. Qd4 Qxd4 22. Nxd4 Bxg2 23. Kxg2 a6 24. b4 Nb7 25. Rd3 Kf7 26. a4 bxa4 27. Ra1 e5 28. Ne2 Rc6 29. Rxa4 Nxd6 30. Ra1 Rd8 31. Rad1 Ke7 32. Re1 Nb5 33. f4 d6 34. g4 Rdc8 35. g5 f5 36. fxe5 dxe5 37. Rd5 Re6 38. Red1 Nd6 39. Ra1 Nc4 40. Kf2 Rc7 41. b5 Nb6 42. Rdd1 axb5 43. Rdb1 Nc4 44. Rxb5 Nd6 45. Rb4 Ne4+ 46. Rxe4 fxe4 47. Ra8 Rd6 48. Ke3 Rc4 49. Kf2 Rd8 50. Ra7+ Rd7 51. Ra6 Kd8 52. Rf6 Rd3 53. Kg2 Re3 54. Ng1 Rcxc3 55. Rxg6 Rc2+ 56. Kh1 Rg3 57. Rg8+ Ke7 58. Rg7+ Ke6 59. g6 Rxg6 0-1

[Event "Ho Chi Minh City HD Bank op 4th"]
[Site "Ho Chi Minh City"]
[Date "2014.03.11"]
[Round "3"]
[White "Tran, Tuan Minh"]
[Black "Pham, Duc Thang"]
[Result "0-1"]
[WhiteElo "2353"]
[BlackElo "2201"]
[PlyCount "82"]
[EventDate "2014.03.10"]
[EventType "swiss"]
[EventRounds "9"]
[EventCountry "VIE"]
[SourceTitle "CBM 159 Extra"]
[Source "ChessBase"]
[SourceDate "2014.04.24"]
[SourceVersion "1"]
[SourceVersionDate "2014.04.24"]
[SourceQuality "1"]

1. d4 d5 2. c4 c6 3. Nc3 Nf6 4. e3 a6 5. a4 g6 6. Nf3 Bg7 7. a5 0-0 8. Bd3 c5 9. dxc5 dxc4 10. Bxc4 Qc7 11. b4 Nc6 12. Qb3 Bg4 13. Bb2 Bxf3 14. gxf3 Rad8 15. Rd1 e6 16. 0-0 Ne5 17. Be2 g5 18. Rxd8 Rxd8 19. Rd1 Rf8 20. Rd4 Ng6 21. Ne4 Nxe4 22. Rxe4 e5 23. Rc4 Nh4 24. Rg4 Qd8 25. Kf1 h5 26. Rg3 Ng6 27. Bd3 Kh8 28. Ke2 f5 29. Rg1 Qe7 30. Qc4 g4 31. fxg4 hxg4 32. Bc2 Nf4+ 33. exf4 exf4+ 34. Kd2 Bxb2 35. Qxf4 Qf6 36. Ke2 Be5 37. Qc4 Qc6 38. Qd3 Bxh2 39. Rxg4 Re8+ 40. Kd2 Qh6+ 41. f4 fxg4 0-1

[Event "VIE-ch"]
[Site "Ho Chi Minh City"]
[Date "2013.04.16"]
[Round "3"]
[White "Tu, Hoang Thong"]
[Black "Pham, Duc Thang"]
[Result "1/2-1/2"]
[WhiteElo "2429"]
[BlackElo "2209"]
[PlyCount "151"]
[EventDate "2013.04.15"]
[EventType "swiss"]
[EventRounds "7"]
[EventCountry "VIE"]
[SourceTitle "CBM 154 Extra"]
[Source "ChessBase"]
[SourceDate "2013.06.25"]
[SourceVersion "2"]
[SourceVersionDate "2013.06.25"]
[SourceQuality "1"]

1. e4 c5 2. Nf3 Nc6 3. d4 cxd4 4. Nxd4 g6 5. Be2 Bg7 6. Nb3 Nf6 7. Nc3 0-0 8. 0-0 a5 9. a4 Nb4 10. Bg5 h6 11. Bh4 g5 12. Bg3 d5 13. e5 Ne4 14. Nxe4 dxe4 15. Qxd8 Rxd8 16. Rad1 Bd7 17. Nc5 Bc6 18. e6 f5 19. c3 Nd5 20. c4 Nb4 21. Bc7 Rdc8 22. Bb6 Bxb2 23. Rd7 Bxd7 24. exd7 Rc6 25. d8Q+ Rxd8 26. Bxd8 Rxc5 27. Bxe7 Rc6 28. Rb1 Nd3 29. g4 Bd4 30. gxf5 Rxc4 31. f6 Rc2 32. Kf1 Nf4 33. Bb5 Rxf2+ 34. Ke1 Ng2+ 35. Kd1 Ne3+ 36. Ke1 Ng2+ 37. Kd1 Bxf6 38. Bc4+ Kh8 39. Bc5 Rf5 40. Ba7 Rf3 41. Rxb7 Ne3+ 42. Bxe3 Rxe3 43. Be6 Bc3 44. Bf5 Re1+ 45. Kc2 Bb4 46. Rh7+ Kg8 47. Rxh6 e3 48. Bd3 Rh1 49. Rh3 Kg7 50. Rxe3 Rxh2+ 51. Re2 Rh1 52. Re6 Kf7 53. Bc4 Kg7 54. Bd3 Rg1 55. Bf5 Kf7 56. Ra6 g4 57. Be4 g3 58. Bd5+ Kg7 59. Be4 Re1 60. Rg6+ Kf7 61. Rg4 Kf6 62. Kd3 Ke5 63. Bc6 Rc1 64. Bf3 Rc3+ 65. Ke2 Rc2+ 66. Kd3 Rf2 67. Bb7 Ra2 68. Bc6 Kf5 69. Bd7+ Ke5 70. Ke3 Bd2+ 71. Kf3 Bf4 72. Rg8 Rf2+ 73. Kg4 Rf1 74. Bc6 Kd6 75. Bf3 Be5 76. Rd8+ 1/2-1/2

[Event "VIE-ch"]
[Site "Ho Chi Minh City"]
[Date "2012.12.02"]
[Round "5"]
[White "Nguyen, Thanh Nghia"]
[Black "Pham, Duc Thang"]
[Result "0-1"]
[WhiteElo "2114"]
[BlackElo "2206"]
[PlyCount "86"]
[EventDate "2012.11.29"]
[EventType "swiss"]
[EventRounds "9"]
[EventCountry "VIE"]
[SourceTitle "CBM 151 Extra"]
[Source "ChessBase"]
[SourceDate "2012.12.18"]
[SourceVersion "1"]
[SourceVersionDate "2012.12.18"]
[SourceQuality "1"]

1. e4 e6 2. d4 d5 3. e5 c5 4. c3 Nc6 5. Nf3 Qb6 6. a3 Bd7 7. b4 cxd4 8. cxd4 Rc8 9. Be2 Nge7 10. 0-0 Nf5 11. Bb2 Be7 12. Qd2 0-0 13. Rd1 f6 14. g4 Nh6 15. exf6 Rxf6 16. g5 Rg6 17. h4 Qd8 18. Bc1 Nf5 19. h5 Ncxd4 20. hxg6 Rc2 21. gxh7+ Kh8 22. Nxd4 Rxd2 23. Rxd2 Bxg5 24. Nxf5 exf5 25. Kf1 Qc7 26. Bb2 Bxd2 27. Nxd2 Qc2 28. Bc1 d4 29. Ke1 d3 30. Bd1 Qc3 31. Rb1 Qe5+ 32. Kf1 f4 33. Nf3 Bh3+ 34. Kg1 Qe4 35. Kh2 d2 36. Ra1 dxc1Q 37. Rxc1 Bd7 38. Rc2 Qxh7+ 39. Kg1 Qg6+ 40. Kf1 Bb5+ 41. Ke1 Qe4+ 42. Kd2 Qd3+ 43. Ke1 Qxa3 0-1

[Event "VIE-ch"]
[Site "Ho Chi Minh City"]
[Date "2012.11.30"]
[Round "3"]
[White "Bao, Khoa"]
[Black "Pham, Duc Thang"]
[Result "1-0"]
[WhiteElo "2279"]
[BlackElo "2206"]
[PlyCount "69"]
[EventDate "2012.11.29"]
[EventType "swiss"]
[EventRounds "9"]
[EventCountry "VIE"]
[SourceTitle "CBM 151 Extra"]
[Source "ChessBase"]
[SourceDate "2012.12.18"]
[SourceVersion "1"]
[SourceVersionDate "2012.12.18"]
[SourceQuality "1"]

1. d4 Nf6 2. c4 g6 3. Nc3 d5 4. cxd5 Nxd5 5. e4 Nxc3 6. bxc3 Bg7 7. Bb5+ c6 8. Ba4 0-0 9. Ne2 c5 10. 0-0 Bd7 11. Rb1 Qc8 12. Bg5 Re8 13. Qb3 Bxa4 14. Qxa4 Nd7 15. Rfd1 b6 16. f3 e6 17. Rd2 Qb7 18. d5 exd5 19. Rxd5 Nf8 20. Rxc5 Rac8 21. Ra5 Qc7 22. Bf4 Qd8 23. Rxa7 Ne6 24. Rd1 Qh4 25. Be3 Be5 26. g3 Qh5 27. Kg2 f5 28. Rd5 Bc7 29. Nd4 Nc5 30. Rxc5 bxc5 31. Rxc7 fxe4 32. Qd7 exf3+ 33. Nxf3 Rxc7 34. Qxe8+ Kg7 35. Bf4 1-0

[Event "VIE-ch"]
[Site "Can Tho"]
[Date "2012.03.21"]
[Round "4"]
[White "Nguyen Van Toan, Thanh"]
[Black "Pham, Duc Thang"]
[Result "0-1"]
[WhiteElo "1940"]
[BlackElo "2232"]
[PlyCount "118"]
[EventDate "2012.03.19"]
[EventType "swiss"]
[EventRounds "9"]
[EventCountry "VIE"]
[SourceTitle "EXT 2013"]
[Source "ChessBase"]
[SourceDate "2012.11.22"]
[SourceVersion "1"]
[SourceVersionDate "2012.11.22"]
[SourceQuality "1"]

1. e4 c5 2. Nf3 Nc6 3. d4 cxd4 4. Nxd4 g6 5. Be3 Bg7 6. Nc3 Nf6 7. Bc4 0-0 8. 0-0 Nxe4 9. Nxe4 d5 10. Nxc6 bxc6 11. Bd3 dxe4 12. Bxe4 Ba6 13. Qxd8 Rfxd8 14. Rfd1 Bxb2 15. Rab1 Bb5 16. Rxd8+ Rxd8 17. Bxa7 Bd4 18. Bb8 Rxb8 19. c4 Be5 20. cxb5 cxb5 21. a3 Bd6 22. Bd3 Bxa3 23. Rxb5 Rc8 24. Ra5 Rc1+ 25. Bf1 Bd6 26. g3 Kg7 27. Ra2 e5 28. Kg2 e4 29. Be2 f5 30. f3 Bc5 31. fxe4 fxe4 32. Ra4 Rg1+ 33. Kh3 e3 34. Rc4 Re1 35. Rc2 Bb4 36. Kg2 Bd2 37. Kf3 Rh1 38. Rc7+ Kh6 39. Kg2 Rb1 40. h4 Be1 41. h5 Rb2 42. Kf3 Bxg3 43. Rc6 Kxh5 44. Kxe3+ Kh4 45. Bd3 Kg5 46. Rc5+ Kh6 47. Rb5 Rf2 48. Rb1 Rf7 49. Rf1 Ra7 50. Kf3 Bd6 51. Kg4 Kg7 52. Bc2 h5+ 53. Kf3 g5 54. Rd1 g4+ 55. Kg2 Ra2 56. Rd2 h4 57. Kh1 h3 58. Kg1 g3 59. Kh1 g2+ 0-1

[Event "Ho Chi Minh City HD Bank op 2nd"]
[Site "Ho Chi Minh City"]
[Date "2012.03.02"]
[Round "1"]
[White "Paragua, Mark"]
[Black "Pham, Duc Thang"]
[Result "1-0"]
[WhiteElo "2519"]
[BlackElo "2232"]
[PlyCount "59"]
[EventDate "2012.03.02"]
[EventType "swiss"]
[EventRounds "9"]
[EventCountry "VIE"]
[SourceTitle "CBM 147 Extra"]
[Source "ChessBase"]
[SourceDate "2012.04.24"]
[SourceVersion "1"]
[SourceVersionDate "2012.04.24"]
[SourceQuality "1"]

1. d4 Nf6 2. c4 c6 3. Nf3 d5 4. e3 a6 5. Bd3 g6 6. 0-0 Bg7 7. Nc3 0-0 8. a4 Bf5 9. Bxf5 gxf5 10. a5 e6 11. Qb3 Qc7 12. Bd2 Ne4 13. Rfc1 dxc4 14. Qxc4 Nd7 15. Nxe4 fxe4 16. Ng5 Nf6 17. Qc2 e5 18. Bc3 exd4 19. Bxd4 Rfe8 20. Ra4 Ng4 21. g3 Bxd4 22. Rxd4 Qxa5 23. Nxe4 Qh5 24. f3 Qh6 25. Re1 Ne5 26. Qd1 Qg6 27. f4 c5 28. Nxc5 Qc6 29. Rd5 Nc4 30. Qd4 1-0

[Event "VIE-ch"]
[Site "Da Lat"]
[Date "2011.03.25"]
[Round "8"]
[White "Pham, Duc Thang"]
[Black "Tran, Thanh Tu"]
[Result "0-1"]
[WhiteElo "2232"]
[BlackElo "2335"]
[PlyCount "42"]
[EventDate "2011.03.20"]
[EventType "swiss"]
[EventRounds "11"]
[EventCountry "VIE"]
[SourceTitle "CBM 141 Extra"]
[Source "ChessBase"]
[SourceDate "2011.05.03"]
[SourceVersion "1"]
[SourceVersionDate "2011.05.03"]
[SourceQuality "1"]

1. c4 e5 2. g3 Nf6 3. Bg2 d5 4. cxd5 Nxd5 5. Nf3 Nc6 6. 0-0 Nb6 7. d3 Be7 8. Nbd2 Be6 9. a3 a5 10. b3 0-0 11. Qc2 f6 12. Bb2 Rf7 13. Rfd1 Bf8 14. Nc4 Rd7 15. Nxb6 cxb6 16. Rdc1 Rc8 17. Nd2 Rdc7 18. Qd1 Nd4 19. Rxc7 Qxc7 20. Rc1 Qxc1 21. Bxc1 Rxc1 0-1

[Event "VIE-ch"]
[Site "Da Lat"]
[Date "2011.03.23"]
[Round "6"]
[White "Pham, Duc Thang"]
[Black "Cao, Sang"]
[Result "0-1"]
[WhiteElo "2232"]
[BlackElo "2557"]
[PlyCount "64"]
[EventDate "2011.03.20"]
[EventType "swiss"]
[EventRounds "11"]
[EventCountry "VIE"]
[SourceTitle "CBM 141 Extra"]
[Source "ChessBase"]
[SourceDate "2011.05.03"]
[SourceVersion "1"]
[SourceVersionDate "2011.05.03"]
[SourceQuality "1"]

1. c4 Nf6 2. g3 e5 3. Bg2 Nc6 4. Nc3 Bc5 5. a3 a6 6. e3 d6 7. Nge2 0-0 8. 0-0 Ba7 9. d3 Ne7 10. b4 c6 11. d4 Be6 12. d5 cxd5 13. cxd5 Bd7 14. h3 Rc8 15. a4 Nf5 16. Kh2 Qe7 17. Qb3 h5 18. b5 Bc5 19. a5 e4 20. Bb2 Nh6 21. bxa6 bxa6 22. Na4 Bb5 23. Rfe1 Nd7 24. Nf4 h4 25. g4 Ne5 26. Nxc5 Rxc5 27. Bd4 Rcc8 28. Qb2 g5 29. Bxe5 dxe5 30. Nh5 f5 31. gxf5 Qf7 32. Qxe5 Rce8 0-1

[Event "VIE-ch"]
[Site "Da Lat"]
[Date "2011.03.21"]
[Round "3"]
[White "Le, Huu Thai"]
[Black "Pham, Duc Thang"]
[Result "1/2-1/2"]
[WhiteElo "2014"]
[BlackElo "2232"]
[PlyCount "60"]
[EventDate "2011.03.20"]
[EventType "swiss"]
[EventRounds "11"]
[EventCountry "VIE"]
[SourceTitle "CBM 141 Extra"]
[Source "ChessBase"]
[SourceDate "2011.05.03"]
[SourceVersion "1"]
[SourceVersionDate "2011.05.03"]
[SourceQuality "1"]

1. e4 c5 2. Nf3 Nf6 3. Nc3 d5 4. exd5 Nxd5 5. Bc4 Nxc3 6. bxc3 e6 7. 0-0 Be7 8. d4 0-0 9. Bf4 Nc6 10. Re1 Bf6 11. Be5 Nxe5 12. Nxe5 Qc7 13. Bd3 g6 14. Qf3 Bg7 15. h4 f6 16. Nc4 Bd7 17. h5 b5 18. Nd2 f5 19. hxg6 hxg6 20. Qe3 Rae8 21. Nf3 c4 22. Be2 Bc6 23. Qg5 Kf7 24. Nh4 Bf6 25. Qxg6+ Ke7 26. Bh5 Kd8 27. Nf3 Re7 28. Qh6 Bg7 29. Qg5 Bf6 30. Qh6 Bg7 1/2-1/2

[Event "VIE-ch"]
[Site "Ho Chi Minh City"]
[Date "2010.03.30"]
[Round "7"]
[White "Nguyen Van Toan, Thanh"]
[Black "Pham, Duc Thang"]
[Result "1-0"]
[WhiteElo "1875"]
[BlackElo "2250"]
[PlyCount "119"]
[EventDate "2010.03.26"]
[EventType "swiss"]
[EventRounds "9"]
[EventCountry "VIE"]
[SourceTitle "CBM 135 Extra"]
[Source "ChessBase"]
[SourceDate "2010.05.04"]
[SourceVersion "1"]
[SourceVersionDate "2010.05.04"]
[SourceQuality "1"]

1. e4 c5 2. Nf3 Nc6 3. d4 cxd4 4. Nxd4 g6 5. Nc3 Bg7 6. Be3 Nf6 7. Be2 0-0 8. 0-0 d5 9. exd5 Nxd5 10. Nxd5 Qxd5 11. Bf3 Qa5 12. Nxc6 bxc6 13. c3 Rb8 14. Qc1 c5 15. Rd1 Be6 16. Bd5 Bf5 17. Bc4 Rfc8 18. Qd2 Qb6 19. b4 Qf6 20. Rac1 Qh4 21. Ba6 Rc6 22. g3 Qh3 23. Bf1 Qh5 24. Bxc5 Bg4 25. Re1 Bh6 26. Be3 Rd6 27. Qc2 Bxe3 28. Rxe3 Rbd8 29. Rxe7 Bf3 30. Rce1 Rd2 31. Qb3 Bd5 32. Re8+ Rxe8 33. Rxe8+ Kg7 34. c4 Qf3 35. Qxf3 Bxf3 36. Re3 Bg4 37. h3 Be6 38. a3 Rd1 39. Kg2 Bxh3+ 40. Kxh3 Rxf1 41. Kg2 Rc1 42. c5 Kf6 43. Rd3 a5 44. Rd6+ Ke5 45. Ra6 axb4 46. axb4 Rc4 47. Rb6 Kd5 48. Kf3 h5 49. Ke3 Rc2 50. Rb7 f5 51. Rd7+ Ke5 52. Rd6 Rc3+ 53. Rd3 Rxd3+ 54. Kxd3 g5 55. c6 Kd6 56. b5 Kc7 57. Ke3 Kd6 58. Kf3 Kc7 59. Kg2 Kd6 60. Kh3 1-0

[Event "VIE-ch"]
[Site "Ho Chi Minh City"]
[Date "2010.03.28"]
[Round "5"]
[White "Nguyen, Minh Tuan"]
[Black "Pham, Duc Thang"]
[Result "0-1"]
[WhiteElo "2114"]
[BlackElo "2250"]
[PlyCount "106"]
[EventDate "2010.03.26"]
[EventType "swiss"]
[EventRounds "9"]
[EventCountry "VIE"]
[SourceTitle "CBM 135 Extra"]
[Source "ChessBase"]
[SourceDate "2010.05.04"]
[SourceVersion "1"]
[SourceVersionDate "2010.05.04"]
[SourceQuality "1"]

1. d4 Nf6 2. Nf3 g6 3. g3 Bg7 4. Bg2 0-0 5. 0-0 d6 6. c4 Nbd7 7. Nc3 c5 8. e4 Ne8 9. Be3 b6 10. Qd2 Bb7 11. d5 Nc7 12. Bh6 Ba6 13. Bxg7 Kxg7 14. Qd3 Rb8 15. a4 Bc8 16. Rfe1 f6 17. Nd2 e5 18. dxe6 Ne5 19. Qf1 Bxe6 20. f4 Nf7 21. f5 Bd7 22. Rad1 a6 23. Qf4 g5 24. Qe3 b5 25. axb5 axb5 26. h4 gxh4 27. gxh4 Kh8 28. cxb5 Nxb5 29. Nxb5 Bxb5 30. Qc3 Qe7 31. Nf3 Rg8 32. Kh2 Ba4 33. Rd2 Rb3 34. Qc4 Ne5 35. Nxe5 Qxe5+ 36. Kg1 Rxb2 37. Rxb2 Qxb2 38. Re2 Qb3 39. Qxb3 Bxb3 40. Re3 Rb8 41. Rg3 Bf7 42. Kf1 Rb3 43. Rxb3 Bxb3 44. Ke2 Kg7 45. Kd2 Kf8 46. Bf3 Ke7 47. Kc3 Bf7 48. Kd3 Ba2 49. Kc2 d5 50. Kb2 dxe4 51. Bxe4 Bf7 52. Kc3 Kd6 53. Kd3 Bd5 0-1

[Event "VIE-ch"]
[Site "Ho Chi Minh City"]
[Date "2010.03.28"]
[Round "4"]
[White "Pham, Duc Thang"]
[Black "Pham, Chuong"]
[Result "0-1"]
[WhiteElo "2250"]
[BlackElo "2370"]
[PlyCount "64"]
[EventDate "2010.03.26"]
[EventType "swiss"]
[EventRounds "9"]
[EventCountry "VIE"]
[SourceTitle "CBM 135 Extra"]
[Source "ChessBase"]
[SourceDate "2010.05.04"]
[SourceVersion "1"]
[SourceVersionDate "2010.05.04"]
[SourceQuality "1"]

1. c4 e5 2. g3 Nf6 3. Bg2 d5 4. cxd5 Nxd5 5. Nf3 Nc6 6. 0-0 Nb6 7. d3 Be7 8. a3 a5 9. b3 Be6 10. Bb2 f6 11. Nbd2 0-0 12. Qc2 Qd7 13. e3 Rfd8 14. d4 exd4 15. Bxd4 Nxd4 16. Nxd4 Bd5 17. Bxd5+ Nxd5 18. Rfd1 Bf8 19. N2f3 c6 20. e4 Nc7 21. e5 Qf7 22. Re1 Rd5 23. e6 Qe7 24. Re2 Qc5 25. Rae1 Qxc2 26. Nxc2 Bc5 27. Nd2 Nxe6 28. b4 axb4 29. axb4 Nd4 30. bxc5 Nxc2 31. Rc1 Nd4 32. Re4 Ra2 0-1

[Event "VIE-ch"]
[Site "Ho Chi Minh City"]
[Date "2009.12.16"]
[Round "9"]
[White "Pham, Duc Thang"]
[Black "Nguyen, Anh Tuan"]
[Result "1-0"]
[WhiteElo "2256"]
[BlackElo "1987"]
[PlyCount "45"]
[EventDate "2009.12.10"]
[EventType "swiss"]
[EventRounds "9"]
[EventCountry "VIE"]
[SourceTitle "CBM 133 Extra"]
[Source "ChessBase"]
[SourceDate "2010.01.05"]
[SourceVersion "1"]
[SourceVersionDate "2010.01.05"]
[SourceQuality "1"]

1. e4 e5 2. Nf3 Nc6 3. Bc4 Nf6 4. Ng5 d5 5. exd5 Na5 6. Bb5+ c6 7. dxc6 bxc6 8. Qf3 e4 9. Nxe4 Qe7 10. 0-0 Bb7 11. Re1 Kd8 12. Bf1 c5 13. d3 Nxe4 14. dxe4 Rc8 15. Nc3 g6 16. Bf4 Bg7 17. Nd5 Bxd5 18. exd5 Qd7 19. Qa3 Nb7 20. Qxa7 Re8 21. Rxe8+ Kxe8 22. Re1+ Kf8 23. Ba6 1-0

[Event "VIE-ch"]
[Site "Ho Chi Minh City"]
[Date "2009.12.15"]
[Round "8"]
[White "Nguyen, Van Hai"]
[Black "Pham, Duc Thang"]
[Result "1-0"]
[WhiteElo "2249"]
[BlackElo "2256"]
[PlyCount "65"]
[EventDate "2009.12.10"]
[EventType "swiss"]
[EventRounds "9"]
[EventCountry "VIE"]
[SourceTitle "CBM 133 Extra"]
[Source "ChessBase"]
[SourceDate "2010.01.05"]
[SourceVersion "1"]
[SourceVersionDate "2010.01.05"]
[SourceQuality "1"]

1. e4 c5 2. Nf3 Nc6 3. d4 cxd4 4. Nxd4 g6 5. Nc3 Bg7 6. Be3 Nf6 7. Bc4 0-0 8. Bb3 a5 9. h3 a4 10. Nxa4 Nxe4 11. 0-0 d5 12. Nxc6 bxc6 13. Nb6 Rb8 14. Nxc8 Qxc8 15. c3 Rd8 16. Qe2 c5 17. c4 e6 18. Rfd1 d4 19. Bf4 Nd6 20. Rab1 e5 21. Bh2 Qe6 22. Re1 Rb4 23. Rbc1 f5 24. Qd2 e4 25. Qxb4 cxb4 26. c5 Qxb3 27. axb3 Nb5 28. c6 Bf8 29. c7 Rc8 30. Rc6 Kf7 31. Rb6 Na7 32. Ra1 d3 33. Rxa7 1-0